| 000 | 01002nam a22002417a 4500 | ||
|---|---|---|---|
| 001 | BD-DhSAU 4791 | ||
| 003 | BD-DhSAU | ||
| 005 | 20200203100148.0 | ||
| 008 | 150226b1971 bg |||| |||| 000 0 ben d | ||
| 040 | _aBD-DhSAU | ||
| 082 |
_222 _a200 _bরহকি |
||
| 100 | _a গাযযালী (র:), হুজ্জাতুল ইসলাম হযরত ইমাম | ||
| 245 |
_aকিমিয়ায়ে সা'আদাত বা সৌভাগ্য পরশমণি / _cহুজ্জাতুল ইসলাম হযরত ইমাম গাযযালী (র:) |
||
| 260 |
_aঢাকা : _bএমদাদিয়া লাইব্রেরী , _c১৯৭১. |
||
| 300 |
_a৩১২ পৃ. : _c২৫ সে. মি. |
||
| 440 |
_aদর্শন ও এবাদৎ খণ্ড _vপ্রথম খণ্ড |
||
| 590 | _atamanna | ||
| 650 | _areligion | ||
| 650 | _aইসলাম | ||
| 650 | _aধর্ম | ||
| 650 | _aislam | ||
| 942 |
_2ddc _cBOOK |
||
| 999 |
_c14969 _d14968 |
||